| 000 | 01143cam a22003617i 4500 | ||
|---|---|---|---|
| 999 |
_c524524 _d524524 |
||
| 001 | 19018021 | ||
| 003 | NUST | ||
| 005 | 20190622062441.0 | ||
| 008 | 160317s2016 ii 000 0 pan | ||
| 010 | _a 2016315630 | ||
| 020 | _a9789351121459 | ||
| 020 | _a9351121453 | ||
| 025 | _aI-Pan-2016315630; 09 | ||
| 037 | _bLibrary of Congress -- New Delhi Overseas Office | ||
| 038 | _awaseem | ||
| 040 |
_aDLC _beng _cDLC _erda _dDLC |
||
| 042 |
_alcode _apcc |
||
| 050 | 0 | 0 | _aMLCMA 2015/00273 (P) |
| 082 |
_a891.431 _bZAM |
||
| 100 | 1 |
_aFak̲h̲r Zamān, _d1938- _eauthor. _915333 |
|
| 245 | 1 | 0 |
_aMāṃ kamalī hoī : _bnāwala / _cFak̲h̲ara Zamāna = Maan kamli hoi / by Fakhar Zaman. |
| 246 | 3 | 1 | _aMaan kamli hoi |
| 264 | 1 |
_aLudhiāṇā : _bCetanā Prakāshana, _c2016. |
|
| 300 |
_a84 pages ; _c23 cm |
||
| 336 |
_atext _btxt _2rdacontent |
||
| 337 |
_aunmediated _bn _2rdamedia |
||
| 338 |
_avolume _bnc _2rdacarrier |
||
| 500 | _aNovelette. | ||
| 546 | _aIn Panjabi. | ||
| 906 |
_a7 _bcbc _corigode _d4 _encip _f20 _gy-gencatlg |
||
| 942 |
_2ddc _cBK |
||